| 000 | 00800cam a2200265 a 4500 | ||
|---|---|---|---|
| 001 | 000003380 | ||
| 005 | 20200929150427.0 | ||
| 008 | 870911s1989 sp 000 f spa d | ||
| 020 | _a8401322952 | ||
| 040 |
_aDO-SdBNP _cDLC _dDLC |
||
| 041 | 1 | 7 |
_aspa _beng _aCódigo de idioma MARC |
| 082 |
_a813.5 _bL972z |
||
| 100 | 1 |
_aLustbader, Eric Van. _d1946- _910549 |
|
| 240 | 1 | 0 |
_aZero. _lEspañol |
| 245 | 1 | 0 |
_aZero / _cEric Van Lustbader ; traducción de Adolfo Martín. |
| 260 |
_aBarcelona : _bPlaza & Janés, _c1989. |
||
| 300 |
_a467 p. ; _c21 cm. |
||
| 534 |
_aTítulo original: _tZero |
||
| 650 | 4 |
_aNovela estadounidense _9262 |
|
| 650 | 4 |
_aLiteratura estadounidense _9263 |
|
| 700 | 1 |
_aMartín, Adolfo, _etr. _95534 |
|
| 910 | _aCatalogación por copia / LC | ||
| 910 | _aWM | ||
| 049 | _aBNGR | ||
| 999 |
_c3210 _d3210 |
||